01162nam a2200301Ia 450000500170000000800410001702000180005808200150007610000240009124501490011525000340026430000300029849000220032850000630035050500650041360000590047865000320053765000300056965000360059965000230063570000320065870000180069026400290070833600270073733700330076433800280079704000350082520220317001533.0161108s2016 sp g 000 0 s  a978843446955604a109bC66h21 aCopleston, Federick10aHistoria de la filosofía, 3bde la filosofía kantianan al idealismocFrederick Copleston ; traducción de Manuel Sacristán y Ana Domenech a1a. edición, 3a impresión a369, 359 páginasc22 cm aAriel filosofía aIncluye bibliografía, apéndice e índice onomástico aTomo 6 : De Wolff a Kant -- Tomo. 7 : De Fichte a Nietzsche.14aKant, Emmanueld1724-1804vCritica e interpretación 142LEMBaFilosofíavHistoria142LEMBaFilosofía moderna142LEMBaExistencialismovHistoria142LEMBaMetafísica1 aSacristán Luzón, Manuel1 aDomenech, Ana aBarcelonabArielc[2016] atextobtxt2rdacontent asin mediaciónbn2rdamedia avolumenbnc2rdacarrier aCO-BoRNBPbspaerdacCO-BoRNBP